[Event "Bad Woerishofen"]
[Site "?"]
[Date "2002.??.??"]
[Round "8"]
[White "Maugg, Ludwig"]
[Black "Kunz, Konstantin"]
[Result "0-1"]
[WhiteElo "2138"]
[BlackElo "2201"]
[Annotator "ChessOrg"]
[PlyCount "60"]
[EventDate "2002.??.??"]

1. d4 Nf6 2. c4 e6 3. Nf3 Bb4+ 4. Bd2 Qe7 5. g3 b6 6. Bg2 Bb7 7. O-O Bxd2 8.
Qxd2 O-O 9. Nc3 Ne4 10. Qc2 Nxc3 11. Qxc3 d6 12. Rad1 Nd7 13. d5 e5 14. e4 a5
15. Ne1 Nc5 16. Nd3 Nxd3 17. Rxd3 f5 18. exf5 Rxf5 19. Be4 Rf6 20. Re3 Raf8 21.
f4 Bc8 22. Bg2 Qf7 23. Ref3 Bg4 24. R3f2 g5 25. a3 gxf4 26. gxf4 Rxf4 27. Rxf4
exf4 28. b4 axb4 29. axb4 f3 30. Rf2 Qg6 0-1

[Event "Bad Woerishofen"]
[Site "?"]
[Date "2002.??.??"]
[Round "8"]
[White "Schoenberger, Peter"]
[Black "Probst, Joachim"]
[Result "1-0"]
[WhiteElo "2152"]
[BlackElo "1895"]
[Annotator "ChessOrg"]
[PlyCount "69"]
[EventDate "2002.??.??"]

1. e4 c6 2. d4 d5 3. e5 Bf5 4. Nf3 e6 5. Be2 Nd7 6. O-O Bg6 7. b3 Nh6 8. c4 Nf5
9. Nc3 Be7 10. Bb2 O-O 11. Rc1 a6 12. Qd2 h6 13. h3 Nh4 14. Nxh4 Bxh4 15. Ba3
Be7 16. Bxe7 Qxe7 17. cxd5 cxd5 18. Na4 Rac8 19. b4 f6 20. f4 fxe5 21. Rxc8
Rxc8 22. fxe5 Rc2 23. Qe1 Rxa2 24. Nc5 Nxc5 25. bxc5 Be4 26. Bf3 Bxf3 27. Rxf3
Rb2 28. Qc3 Rb5 29. Kh2 Qc7 30. Qd3 b6 31. Qg6 Qd7 32. c6 Qe7 33. c7 Qxc7 34.
Qe8+ Kh7 35. Rf8 1-0

[Event "Bad Woerishofen"]
[Site "?"]
[Date "2002.??.??"]
[Round "8"]
[White "Keller, Manfred"]
[Black "Glas, Stefan"]
[Result "1/2-1/2"]
[WhiteElo "2223"]
[BlackElo "2109"]
[Annotator "ChessOrg"]
[PlyCount "47"]
[EventDate "2002.??.??"]

1. e4 c5 2. Nf3 d6 3. Bb5+ Bd7 4. Bxd7+ Qxd7 5. O-O g6 6. c3 Bg7 7. d4 Nf6 8.
Qe2 Nc6 9. Na3 cxd4 10. cxd4 O-O 11. e5 Nd5 12. Qe4 Nb6 13. Re1 Rac8 14. Qh4
dxe5 15. Bh6 Qf5 16. Bxg7 Kxg7 17. dxe5 Rfd8 18. Re4 h6 19. Rae1 Rd3 20. Nc2
Nd5 21. Ncd4 Nxd4 22. Nxd4 Qg5 23. Qxg5 hxg5 24. g3 1/2-1/2

[Event "Bad Woerishofen"]
[Site "?"]
[Date "2002.??.??"]
[Round "8"]
[White "Oud, Niek"]
[Black "Steiger, Wallfried"]
[Result "0-1"]
[WhiteElo "2153"]
[BlackElo "1930"]
[Annotator "ChessOrg"]
[PlyCount "58"]
[EventDate "2002.??.??"]

1. d4 f5 2. g3 Nf6 3. Bg2 g6 4. Nf3 Bg7 5. O-O O-O 6. c4 d6 7. d5 a5 8. Nc3 h6
9. Qc2 g5 10. Be3 Qe8 11. Rad1 Na6 12. Nd4 Nh5 13. Ne6 Bxe6 14. dxe6 c6 15. Bd4
Bxd4 16. Rxd4 Nc5 17. e4 Nxe6 18. Rd3 Nc5 19. Rd2 f4 20. Bf3 Nd7 21. Qd1 Nhf6
22. b3 Ne5 23. gxf4 gxf4 24. Kh1 Kh7 25. Qe2 Qc8 26. Nd1 Rg8 27. Rc2 Qh3 28.
Rc3 Rg5 29. Rg1 Rag8 0-1

[Event "Bad Woerishofen"]
[Site "?"]
[Date "2002.??.??"]
[Round "8"]
[White "Winter, Bernd"]
[Black "Schnur, Gerhard"]
[Result "1/2-1/2"]
[WhiteElo "1884"]
[BlackElo "2145"]
[Annotator "ChessOrg"]
[PlyCount "58"]
[EventDate "2002.??.??"]

1. e4 e6 2. d4 d5 3. Nc3 Bb4 4. e5 c5 5. a3 Bxc3+ 6. bxc3 Ne7 7. Qg4 O-O 8. Nf3
Nbc6 9. Bd3 f5 10. Qg3 Qa5 11. Bd2 Qa4 12. Kd1 Bd7 13. h4 cxd4 14. Bh6 Rf7 15.
Ng5 gxh6 16. Nxe6+ Kh8 17. Nc5 Qa5 18. Nxd7 Qc7 19. e6 Qxg3 20. fxg3 Rg7 21.
Rb1 b6 22. Re1 Rxg3 23. cxd4 Nxd4 24. Ne5 Kg7 25. Rb4 Nxe6 26. Nd7 Kf7 27. Ne5+
Kg7 28. Nd7 Kf7 29. Ne5+ Kg7 1/2-1/2

[Event "Bad Woerishofen"]
[Site "?"]
[Date "2002.??.??"]
[Round "8"]
[White "Dany, Sebastian"]
[Black "Boog, Frithjof"]
[Result "0-1"]
[WhiteElo "2090"]
[BlackElo "2167"]
[Annotator "ChessOrg"]
[PlyCount "92"]
[EventDate "2002.??.??"]

1. d4 e6 2. c4 f5 3. Nf3 Nf6 4. g3 d5 5. Bg2 c6 6. O-O Bd6 7. b3 Qe7 8. Bb2 O-O
9. Qc1 b5 10. Ba3 b4 11. c5 Bxc5 12. Qxc5 Qxc5 13. dxc5 bxa3 14. Nxa3 Re8 15.
Ne5 Nfd7 16. Nxd7 Nxd7 17. Rfc1 Ba6 18. e3 Rab8 19. Nc2 e5 20. b4 Bd3 21. a3
Nf6 22. Bf1 Bxf1 23. Kxf1 Re7 24. Rd1 g5 25. f3 a6 26. Rab1 Rbe8 27. Re1 Kf7
28. a4 g4 29. f4 exf4 30. exf4 Ne4 31. Rbd1 Kf6 32. Nd4 Rc8 33. Kg2 h5 34. Rd3
h4 35. Rc1 Rg7 36. Ne2 Rb7 37. Rb3 h3+ 38. Kg1 Rcb8 39. Nd4 Rxb4 40. Rxb4 Rxb4
41. Nxc6 Rb2 42. Nd4 Rg2+ 43. Kf1 Rxh2 44. Kg1 Rg2+ 45. Kf1 Nxg3+ 46. Ke1 h2
0-1

[Event "Bad Woerishofen"]
[Site "?"]
[Date "2002.??.??"]
[Round "8"]
[White "Pohlers, Juergen"]
[Black "Maahs, Erich"]
[Result "1-0"]
[WhiteElo "2133"]
[BlackElo "2200"]
[Annotator "ChessOrg"]
[PlyCount "98"]
[EventDate "2002.??.??"]

1. d4 d5 2. c4 Nc6 3. Nc3 e5 4. cxd5 Nxd4 5. e3 Nf5 6. Nf3 Bd6 7. Bb5+ Bd7 8.
Bxd7+ Qxd7 9. e4 Nfe7 10. O-O Ng6 11. Be3 Nf6 12. h3 O-O 13. Rc1 a6 14. Qd3 Nh5
15. Ne2 h6 16. g4 Nhf4 17. Nxf4 exf4 18. Bd4 Rae8 19. Rfe1 f6 20. Qb3 b6 21.
Qc4 h5 22. Qc6 Qc8 23. Nh2 f3 24. Qxd6 cxd6 25. Rxc8 Rxc8 26. Nxf3 Nf4 27. gxh5
Rc2 28. Kh2 b5 29. h6 Ne2 30. hxg7 Kxg7 31. Be3 Rxb2 32. Nh4 Rd8 33. Kg2 Rxa2
34. Kf3 Nc3 35. Nf5+ Kh7 36. Bb6 Rd7 37. Bd4 b4 38. Bxf6 Rf7 39. Bxc3 bxc3 40.
Rc1 Ra3 41. Ke2 Kg6 42. Rg1+ Kf6 43. Nxd6 Rc7 44. Ne8+ Ke5 45. Nxc7 Kd4 46. d6
Ra2+ 47. Kf3 Ke5 48. d7 Rd2 49. Nd5 c2 1-0

[Event "Bad Woerishofen"]
[Site "?"]
[Date "2002.??.??"]
[Round "8"]
[White "Schiffer, Steve"]
[Black "Schulz, Gert"]
[Result "1/2-1/2"]
[WhiteElo "2173"]
[BlackElo "2067"]
[Annotator "ChessOrg"]
[PlyCount "86"]
[EventDate "2002.??.??"]

1. e4 d5 2. exd5 Qxd5 3. Nc3 Qa5 4. Bc4 Nf6 5. d3 Bf5 6. Bd2 c6 7. Nd5 Qd8 8.
Nxf6+ gxf6 9. Qf3 e6 10. Bc3 Nd7 11. Qe2 Rg8 12. f3 b5 13. Bb3 Nc5 14. d4 Nxb3
15. cxb3 b4 16. g4 Bg6 17. Qc4 bxc3 18. Qxc6+ Ke7 19. Qb7+ Kd6 20. Qb4+ Kc7 21.
Qxc3+ Kb7 22. Ne2 Rc8 23. Qe3 Rc6 24. g5 Bb4+ 25. Kf2 Rc2 26. Rhd1 Qc7 27. Kg1
Bh5 28. Rac1 Rxc1 29. Rxc1 Qd8 30. h4 Qd5 31. Kf2 Bd6 32. Nc3 Qa5 33. a3 Rc8
34. b4 Qa6 35. b5 Qb6 36. a4 e5 37. Nd5 Qxd4 38. Qxd4 exd4 39. Rxc8 Kxc8 40.
Nxf6 Bg6 41. h5 Bf4 42. hxg6 hxg6 43. Nd5 Bxg5 1/2-1/2

[Event "Bad Woerishofen"]
[Site "?"]
[Date "2002.??.??"]
[Round "8"]
[White "Kuempers, Ulrich"]
[Black "Doleschal, Johannes"]
[Result "0-1"]
[WhiteElo "2174"]
[BlackElo "2040"]
[Annotator "ChessOrg"]
[PlyCount "88"]
[EventDate "2002.??.??"]

1. d4 Nf6 2. c4 e6 3. Nf3 d5 4. Nc3 Be7 5. Bg5 O-O 6. e3 b6 7. cxd5 Nxd5 8.
Nxd5 exd5 9. Bxe7 Qxe7 10. Bd3 Bb7 11. Rc1 h6 12. O-O c6 13. Re1 Nd7 14. h3 g6
15. Qd2 Kg7 16. e4 dxe4 17. Rxe4 Qd6 18. Rh4 Rh8 19. Re1 Nf6 20. Bc4 c5 21.
dxc5 Qxc5 22. b4 Qc7 23. Ne5 Rad8 24. Qc1 g5 25. Rxh6 Rxh6 26. Qxg5+ Rg6 27.
Nxg6 fxg6 28. Bb3 Rd7 29. Re6 Qc3 30. h4 Bd5 31. Bxd5 Rxd5 32. Qf4 Rd7 33. h5
Nxh5 34. Qg4 Qc1+ 35. Kh2 Qf4+ 36. Qxf4 Nxf4 37. Re4 Nd3 38. f4 Kf6 39. g4 Nf2
40. Rc4 Nxg4+ 41. Kg3 Ne3 42. Rc8 Nf5+ 43. Kg4 Rd3 44. Rc6+ Kg7 0-1

[Event "Bad Woerishofen"]
[Site "?"]
[Date "2002.??.??"]
[Round "8"]
[White "Geuss, Paul"]
[Black "Quinn, John"]
[Result "1/2-1/2"]
[WhiteElo "2068"]
[BlackElo "2174"]
[Annotator "ChessOrg"]
[PlyCount "86"]
[EventDate "2002.??.??"]

1. Nf3 Nf6 2. g3 b5 3. Bg2 Bb7 4. O-O e6 5. c3 c5 6. Qb3 Qb6 7. d3 Be7 8. a4 b4
9. a5 Qa6 10. Bg5 Nc6 11. cxb4 Nxb4 12. Nbd2 O-O 13. Qc4 Qxc4 14. Nxc4 d6 15.
Rfc1 Rac8 16. Nfd2 Bxg2 17. Kxg2 Rfd8 18. Nf3 Kf8 19. Kf1 h6 20. Bd2 Na6 21.
Bc3 Nd5 22. e4 Nxc3 23. bxc3 Rb8 24. Rab1 Ke8 25. Ke2 Kd7 26. Kd2 Kc6 27. Kc2
Rxb1 28. Rxb1 Rb8 29. Ra1 Nc7 30. Nfd2 f5 31. exf5 exf5 32. f4 Bf6 33. Re1 Re8
34. Rxe8 Nxe8 35. Ne3 g6 36. c4 Nc7 37. Nf3 Bd8 38. Kb3 h5 39. Ka4 Bf6 40. Kb3
a6 41. Ng2 Ne6 42. Ngh4 Nf8 43. Ng2 Ne6 1/2-1/2

[Event "Bad Woerishofen"]
[Site "?"]
[Date "2002.??.??"]
[Round "8"]
[White "Guenther, Thomas"]
[Black "Kugelmann, Werner"]
[Result "0-1"]
[WhiteElo "2101"]
[BlackElo "2191"]
[Annotator "ChessOrg"]
[PlyCount "97"]
[EventDate "2002.??.??"]

1. d4 Nf6 2. Nf3 g6 3. c4 Bg7 4. Nc3 O-O 5. e4 d6 6. Be2 Na6 7. Be3 e5 8. d5
Nc5 9. Nd2 a5 10. a3 Bd7 11. b3 Ne8 12. O-O f5 13. f3 Nf6 14. b4 axb4 15. axb4
Rxa1 16. Qxa1 Na6 17. Qa3 Bc8 18. c5 Qe7 19. c6 Nb8 20. Qa7 bxc6 21. Qxb8 cxd5
22. exd5 Ba6 23. Qa7 Bxe2 24. Nxe2 Nxd5 25. Rc1 Kh8 26. b5 Qh4 27. Qa3 Nxe3 28.
Qxe3 Bh6 29. f4 exf4 30. Qd4+ Bg7 31. Qc4 Qe7 32. Qd3 g5 33. Nf3 Rf7 34. Nfd4
Qe5 35. Rd1 g4 36. Qb3 Re7 37. Kf1 f3 38. Ng3 fxg2+ 39. Kxg2 f4 40. Ngf5 Qe4+
41. Kg1 Bxd4+ 42. Nxd4 f3 43. Qb2 Kg8 44. Qd2 Re5 45. Kf2 Rh5 46. Kg1 g3 47.
Qa2+ d5 48. Nxf3 Qxf3 49. h3 0-1

[Event "Bad Woerishofen"]
[Site "?"]
[Date "2002.??.??"]
[Round "8"]
[White "Specht, Helmut"]
[Black "Babar, Michael"]
[Result "0-1"]
[WhiteElo "2029"]
[BlackElo "2146"]
[Annotator "ChessOrg"]
[PlyCount "114"]
[EventDate "2002.??.??"]

1. e4 e5 2. Nc3 Nf6 3. Bc4 Nc6 4. d3 Na5 5. Bb3 Nxb3 6. axb3 Bb4 7. Bg5 h6 8.
Bh4 d6 9. Nge2 Be6 10. O-O g5 11. Bg3 Nh5 12. f3 Nxg3 13. Nxg3 h5 14. Nge2 Bc5+
15. Kh1 Qf6 16. Qd2 a6 17. Nd5 Bxd5 18. exd5 Qg7 19. Ng3 Bb6 20. Qe2 O-O-O 21.
Qe4 Kb8 22. b4 g4 23. b5 axb5 24. Qb4 c6 25. dxc6 bxc6 26. c4 Kc7 27. cxb5 c5
28. Qc4 d5 29. Qc2 Qg6 30. b4 c4 31. Ne4 Ra8 32. Rac1 Bd4 33. dxc4 dxe4 34.
fxe4 Rhb8 35. c5 Qe6 36. b6+ Kd8 37. Qd2 Ke8 38. Qd3 Rb7 39. Qb5+ Kf8 40. Qd3
Rc8 41. Qa6 Rcb8 42. Rf5 h4 43. Rcf1 h3 44. Rf6 hxg2+ 45. Kxg2 Qb3 46. Qe2 Qh3+
47. Kh1 Re7 48. Qc4 Qh7 49. Qd3 Ra8 50. R6f5 Ra2 51. Qg3 Rb2 52. b7 Rxb7 53.
Rxe5 Rxh2+ 54. Qxh2 Qxh2+ 55. Kxh2 Bxe5+ 56. Kg2 Rxb4 57. Rc1 Rxe4 0-1

[Event "Bad Woerishofen"]
[Site "?"]
[Date "2002.??.??"]
[Round "8"]
[White "Bischoff, Dieter"]
[Black "Damm, Fabian"]
[Result "1-0"]
[WhiteElo "2233"]
[BlackElo "2132"]
[Annotator "ChessOrg"]
[PlyCount "113"]
[EventDate "2002.??.??"]

1. d4 Nf6 2. c4 g6 3. Nc3 Bg7 4. e4 d6 5. Nf3 O-O 6. h3 e5 7. d5 Na6 8. Bg5 Bd7
9. g4 c6 10. Be2 Qc7 11. Rc1 Nc5 12. Nd2 a5 13. b3 Kh8 14. f3 Ng8 15. Be3 f5
16. Nf1 Nf6 17. Bd3 Nxd3+ 18. Qxd3 Rf7 19. Bg5 fxe4 20. fxe4 Raf8 21. Ne3 Ne8
22. Rf1 Qb6 23. Ke2 Rxf1 24. Nxf1 Bf6 25. Bxf6+ Nxf6 26. dxc6 Qxc6 27. Ne3 Be8
28. Ncd5 Nd7 29. Nd1 Bf7 30. N1c3 Qc5 31. Qf3 Kg7 32. Qe3 Qa3 33. Qd2 Qc5 34.
Kf1 Qc8 35. Nb5 Qd8 36. Kg2 Nc5 37. Ndc3 Ne6 38. Nxd6 Qh4 39. Ne2 Ng5 40. Qe3
Be6 41. Qg3 Qxg3+ 42. Kxg3 b6 43. h4 Nf7 44. Nxf7 Kxf7 45. g5 a4 46. Nc3 axb3
47. axb3 Bd7 48. Kf3 Kg7+ 49. Ke3 h6 50. b4 hxg5 51. hxg5 Kf7 52. b5 Ke7 53.
Nd5+ Kd6 54. Nxb6 Bh3 55. Na4 Bf1 56. c5+ Kc7 57. Nc3 1-0

[Event "Bad Woerishofen"]
[Site "?"]
[Date "2002.??.??"]
[Round "8"]
[White "Lindenmair, Anton"]
[Black "Heinrich, Olaf"]
[Result "1-0"]
[WhiteElo "2126"]
[BlackElo "1739"]
[Annotator "ChessOrg"]
[PlyCount "105"]
[EventDate "2002.??.??"]

1. d4 d5 2. c4 e6 3. g3 Nf6 4. Bg2 Be7 5. Nf3 O-O 6. Qc2 Nbd7 7. Nbd2 c6 8. O-O
b6 9. b3 Ba6 10. Bb2 Rc8 11. Rfd1 c5 12. Qd3 Re8 13. e4 dxc4 14. Nxc4 cxd4 15.
Bxd4 Nc5 16. Qb1 Qc7 17. Be5 Qc6 18. Nd4 Qb7 19. Bxf6 gxf6 20. e5 Qc7 21. Nd6
Bxd6 22. exd6 Qxd6 23. b4 Na4 24. Qe4 Nc3 25. Qg4+ Kf8 26. Nb5 Qe5 27. Nxc3
Rxc3 28. Qh4 h5 29. a4 Bd3 30. Bf3 Be2 31. Bxe2 Qxe2 32. Qxf6 Rf3 33. Qd4 Rc8
34. Rd2 Qc4 35. Qh8+ Ke7 36. Qxh5 Rf5 37. Qh6 Qxb4 38. Rad1 Qxa4 39. Rd4 Qb5
40. Qh4+ Kf8 41. Qh8+ Ke7 42. Rd8 Qa4 43. R1d2 Rc1+ 44. Kg2 Qe4+ 45. Kh3 Qa4
46. Qf8+ Kf6 47. Qh6+ Ke7 48. R2d7+ Qxd7 49. Rxd7+ Kxd7 50. Qxc1 Rxf2 51. Qa3
a5 52. Qe3 Rb2 53. Qd4+ 1-0

[Event "Bad Woerishofen"]
[Site "?"]
[Date "2002.??.??"]
[Round "8"]
[White "Weber, Ludwig"]
[Black "Gaussmann, Manfred"]
[Result "1-0"]
[WhiteElo "1620"]
[BlackElo "1349"]
[Annotator "ChessOrg"]
[PlyCount "151"]
[EventDate "2002.??.??"]

1. e4 c5 2. d3 e6 3. Qe2 Be7 4. Nd2 d5 5. e5 Bd7 6. f4 Nh6 7. Ngf3 Nc6 8. g3
Nf5 9. Bg2 Nfd4 10. Qd1 h6 11. c3 Nf5 12. Nf1 g5 13. Bh3 d4 14. Bxf5 exf5 15.
cxd4 cxd4 16. Qe2 Be6 17. a3 Qd5 18. Rg1 O-O-O 19. fxg5 hxg5 20. Bxg5 Bxg5 21.
Nxg5 Qxe5 22. Nxe6 fxe6 23. Rg2 Qxe2+ 24. Rxe2 e5 25. Rc1 Kd7 26. Nd2 Rde8 27.
b4 a6 28. Nb3 b6 29. Kf1 e4 30. Rce1 e3 31. Rg2 Ref8 32. Kg1 Rh7 33. Rf1 Kd6
34. Rf4 Ke5 35. Rc2 Rf6 36. Kg2 Rfh6 37. h4 Rg6 38. Kf3 Rf6 39. Nc1 Kd5 40. Kg2
Rg7 41. Ne2 Ne5 42. Rxd4+ Ke6 43. Nf4+ Kf7 44. Re2 Rh6 45. Rxe3 Ng6 46. Rd7+
Kg8 47. Rxg7+ Kxg7 48. Ne6+ Kf6 49. Nc7 Nf8 50. Nxa6 Ne6 51. Re1 f4 52. Rc1 Rg6
53. Rc6 Rxg3+ 54. Kf2 Kf5 55. Rxb6 Rxd3 56. a4 Nd4 57. Nc5 Rd2+ 58. Ke1 Nf3+
59. Kf1 Nh2+ 60. Kg1 Nf3+ 61. Kf1 Nh2+ 62. Kg1 Nf3+ 63. Kf1 Nh2+ 64. Ke1 Nf3+
65. Kf1 Nh2+ 66. Ke1 Rg2 67. Rb8 f3 68. Rf8+ Ke5 69. b5 Re2+ 70. Kd1 Rb2 71.
Nd3+ Ke4 72. Nxb2 Ke3 73. Rxf3+ Nxf3 74. h5 Kf4 75. h6 Ng5 76. b6 1-0

[Event "Bad Woerishofen"]
[Site "?"]
[Date "2002.??.??"]
[Round "8"]
[White "Guggenberger, Guido"]
[Black "Willin, Bernhard"]
[Result "1/2-1/2"]
[WhiteElo "2177"]
[BlackElo "2050"]
[Annotator "ChessOrg"]
[PlyCount "32"]
[EventDate "2002.??.??"]

1. c4 d6 2. g3 e5 3. Bg2 Nf6 4. Nc3 Be7 5. e4 O-O 6. Nge2 Nbd7 7. O-O c6 8. d4
Qc7 9. d5 c5 10. f4 h6 11. Bh3 b6 12. f5 Nh7 13. Kh1 Bg5 14. Qd3 a6 15. Rg1
Bxc1 16. Raxc1 Ndf6 1/2-1/2

[Event "Bad Woerishofen"]
[Site "?"]
[Date "2002.??.??"]
[Round "9"]
[White "Ballon, Guenter Jan"]
[Black "Skembris, Spyridon"]
[Result "0-1"]
[WhiteElo "2207"]
[BlackElo "2464"]
[Annotator "ChessOrg"]
[PlyCount "68"]
[EventDate "2002.??.??"]

1. d4 d5 2. Nf3 Nc6 3. Bf4 Bg4 4. Nbd2 e6 5. h3 Bh5 6. c3 Bd6 7. e3 Nf6 8. Be2
O-O 9. O-O Ne4 10. Bxd6 cxd6 11. c4 Bxf3 12. Nxf3 Qb6 13. Qb3 dxc4 14. Qxb6
axb6 15. Bxc4 d5 16. Bd3 Nd6 17. Ne5 Nxe5 18. dxe5 Nc4 19. Bxc4 dxc4 20. Rfd1
Rfd8 21. Rxd8+ Rxd8 22. Rc1 b5 23. a4 bxa4 24. Rxc4 b5 25. Rc7 g5 26. Rb7 Rd1+
27. Kh2 Rd5 28. f4 gxf4 29. exf4 h6 30. Kg1 h5 31. Kf1 Rd1+ 32. Ke2 Rb1 33.
Rxb5 a3 34. Ra5 axb2 0-1

[Event "Bad Woerishofen"]
[Site "?"]
[Date "2002.??.??"]
[Round "9"]
[White "Johansen, Paul"]
[Black "Warns, Heiko"]
[Result "1-0"]
[WhiteElo "2230"]
[BlackElo "2140"]
[Annotator "ChessOrg"]
[PlyCount "45"]
[EventDate "2002.??.??"]

1. e4 c5 2. Nf3 d6 3. c3 Nf6 4. Bd3 Nc6 5. h3 d5 6. e5 Nd7 7. e6 fxe6 8. Ng5
Nf6 9. Bxh7 Nxh7 10. Qh5+ Kd7 11. Nxh7 Kc7 12. d4 cxd4 13. cxd4 b6 14. Qg6 Bd7
15. Ng5 Rh6 16. Nxe6+ Bxe6 17. Bxh6 gxh6 18. Qxe6 Bg7 19. Nc3 Nxd4 20. Qxd5
Nc2+ 21. Kf1 Qf8 22. Nb5+ Kb8 23. Qc6 1-0

[Event "Bad Woerishofen"]
[Site "?"]
[Date "2002.??.??"]
[Round "9"]
[White "Dittmar, Peter"]
[Black "Jenni, Florian"]
[Result "1-0"]
[WhiteElo "2330"]
[BlackElo "2525"]
[Annotator "ChessOrg"]
[PlyCount "79"]
[EventDate "2002.??.??"]

1. Nf3 Nf6 2. g3 d5 3. Bg2 c6 4. O-O Bg4 5. d4 Nbd7 6. Nbd2 e6 7. Re1 Be7 8. e4
O-O 9. c3 b5 10. a4 Nb6 11. exd5 Nfxd5 12. axb5 cxb5 13. Qb3 Bxf3 14. Nxf3 a6
15. Ne5 Bd6 16. Ng4 Ra7 17. Ne3 Nf6 18. Qc2 Qc7 19. Bd2 Rc8 20. Rec1 g6 21. Qd3
e5 22. dxe5 Bxe5 23. Ra2 Rd8 24. Qe2 Na4 25. Nc2 Qd6 26. Be3 Re7 27. Nb4 Qe6
28. Raa1 Rc8 29. Rc2 Ree8 30. Bb7 Rc4 31. Qf3 a5 32. Nc6 Ng4 33. Bd4 Bc7 34. b3
Nc5 35. bxc4 Nxb7 36. cxb5 h5 37. c4 h4 38. h3 Nh6 39. g4 Qd6 40. c5 1-0

[Event "Bad Woerishofen"]
[Site "?"]
[Date "2002.??.??"]
[Round "9"]
[White "Pirrot, Dieter"]
[Black "Hornung, Hans"]
[Result "1/2-1/2"]
[WhiteElo "2436"]
[BlackElo "2173"]
[Annotator "ChessOrg"]
[PlyCount "58"]
[EventDate "2002.??.??"]

1. e4 c5 2. c3 d6 3. d4 Nf6 4. Bd3 Nc6 5. Nf3 e5 6. dxc5 d5 7. exd5 Qxd5 8. O-O
Bxc5 9. b4 Be7 10. c4 Qd8 11. b5 Nb4 12. Be2 Bf5 13. Nc3 Qc7 14. Bg5 O-O 15.
Nh4 Bc2 16. Qc1 h6 17. Bxh6 gxh6 18. a3 Ne4 19. axb4 Nxc3 20. Qxc2 Nxe2+ 21.
Qxe2 Bxh4 22. Qg4+ Bg5 23. h4 f5 24. Qg3 f4 25. Qg4 Qc8 26. Qxc8 Rfxc8 27. hxg5
Rxc4 28. gxh6 Rxb4 29. Rfb1 Rxb1+ 1/2-1/2

[Event "Bad Woerishofen"]
[Site "?"]
[Date "2002.??.??"]
[Round "9"]
[White "Heika, Martin"]
[Black "Schoenberger, Peter"]
[Result "1-0"]
[WhiteElo "2339"]
[BlackElo "2152"]
[Annotator "ChessOrg"]
[PlyCount "99"]
[EventDate "2002.??.??"]

1. e4 e5 2. Nf3 Nc6 3. d4 exd4 4. Nxd4 Bc5 5. Nxc6 Qf6 6. Qd2 dxc6 7. Nc3 Ne7
8. Qf4 Qe6 9. Qg5 Bd4 10. Bd3 Qg4 11. Qxg4 Bxg4 12. Ne2 Bc5 13. Bf4 O-O-O 14.
h3 Bh5 15. g4 Bg6 16. O-O h5 17. Kg2 hxg4 18. hxg4 Bd6 19. Rh1 f6 20. Rxh8 Rxh8
21. Rh1 Rxh1 22. Kxh1 Bf7 23. a3 Ng6 24. Bxd6 cxd6 25. f4 d5 26. exd5 Bxd5+ 27.
Kh2 Bf7 28. Kg3 Ne7 29. b4 Kc7 30. Kh4 Kb6 31. Nc3 Kc7 32. g5 f5 33. Kg3 g6 34.
Kf3 b6 35. Ke3 Kd6 36. Bf1 Be6 37. Bg2 Bf7 38. Kd4 c5+ 39. Kd3 cxb4 40. axb4 a5
41. Nb5+ Kd7 42. bxa5 bxa5 43. Kd4 Nc6+ 44. Kc5 Nd8 45. Nd4 a4 46. Kb4 a3 47.
Kxa3 Kd6 48. Kb4 Bd5 49. Nb5+ Kc6 50. Na7+ 1-0

[Event "Bad Woerishofen"]
[Site "?"]
[Date "2002.??.??"]
[Round "9"]
[White "Baeuml, Ulrich"]
[Black "Rahls, Peter"]
[Result "1-0"]
[WhiteElo "2098"]
[BlackElo "2254"]
[Annotator "ChessOrg"]
[PlyCount "73"]
[EventDate "2002.??.??"]

1. d4 c5 2. c3 Nf6 3. Nf3 e6 4. e3 b6 5. Bd3 Bb7 6. Nbd2 Be7 7. Qe2 O-O 8. O-O
Qc7 9. e4 d6 10. e5 dxe5 11. dxe5 Nfd7 12. Nc4 Bxf3 13. Qxf3 Nc6 14. Bf4 g6 15.
Rfe1 Rad8 16. Qg3 b5 17. Nd6 Bxd6 18. exd6 Qb6 19. Bg5 Rb8 20. h4 c4 21. Bc2
Rfe8 22. h5 Qc5 23. hxg6 hxg6 24. Re4 Kg7 25. Be3 Qf5 26. Bh6+ Kg8 27. Rae1 Nf6
28. Rf4 Qxc2 29. Rxf6 Rbd8 30. Qf3 Rxd6 31. Rxf7 Rd5 32. Rf8+ Kh7 33. Rxe8 Kxh6
34. Rh8+ Kg5 35. Qg3+ Kf6 36. Qf3+ Kg5 37. Qe3+ 1-0

[Event "Bad Woerishofen"]
[Site "?"]
[Date "2002.??.??"]
[Round "9"]
[White "Pavlovic, Milos"]
[Black "Marin, Mihail"]
[Result "1/2-1/2"]
[WhiteElo "2497"]
[BlackElo "2551"]
[Annotator "ChessOrg"]
[PlyCount "47"]
[EventDate "2002.??.??"]

1. e4 e5 2. Nf3 Nc6 3. Bb5 a6 4. Ba4 Nf6 5. O-O Nxe4 6. d4 b5 7. Bb3 d5 8. dxe5
Be6 9. Nbd2 Nc5 10. c3 Be7 11. Bc2 Bg4 12. Re1 Qd7 13. h3 Bh5 14. Nf1 Rd8 15.
Ng3 Bg6 16. Be3 O-O 17. h4 Qg4 18. h5 Bxc2 19. Qxc2 g6 20. Rad1 Rfe8 21. Nh2
Qh4 22. Nf3 Qg4 23. Nh2 Qh4 24. Nf3 1/2-1/2

[Event "Bad Woerishofen"]
[Site "?"]
[Date "2002.??.??"]
[Round "9"]
[White "Heinig, Wolfram"]
[Black "Naiditsch, Arkadij"]
[Result "0-1"]
[WhiteElo "2287"]
[BlackElo "2532"]
[Annotator "ChessOrg"]
[PlyCount "75"]
[EventDate "2002.??.??"]

1. d4 Nf6 2. Nf3 e6 3. g3 d5 4. Bg2 Nbd7 5. O-O b5 6. a4 b4 7. c4 bxc3 8. bxc3
Ba6 9. Ba3 Bd6 10. Re1 O-O 11. Ne5 c5 12. Nxd7 Nxd7 13. Nd2 Qe7 14. e4 cxd4 15.
Bxd6 Qxd6 16. exd5 exd5 17. cxd4 Rab8 18. Rb1 h6 19. Nf1 Rxb1 20. Qxb1 Rb8 21.
Qf5 Nf6 22. Qe5 Qb4 23. Rc1 Re8 24. Qf4 Bxf1 25. Bxf1 Qxa4 26. Bd3 Qb4 27. Kg2
a5 28. Rc6 Kf8 29. Rxf6 gxf6 30. Qxf6 Re6 31. Qd8+ Kg7 32. Qxd5 a4 33. h4 Qd6
34. Qc4 Qc6+ 35. d5 Qxc4 36. Bxc4 Re4 37. Ba2 Re2 38. Bc4 0-1

[Event "Bad Woerishofen"]
[Site "?"]
[Date "2002.??.??"]
[Round "9"]
[White "Boog, Frithjof"]
[Black "Zach, Andreas"]
[Result "0-1"]
[WhiteElo "2167"]
[BlackElo "2277"]
[Annotator "ChessOrg"]
[PlyCount "50"]
[EventDate "2002.??.??"]

1. e3 d5 2. f4 Nf6 3. Nf3 Bf5 4. b3 e6 5. Bb2 Nbd7 6. Be2 h6 7. O-O Be7 8. Ne5
Nxe5 9. fxe5 Nd7 10. a4 O-O 11. Na3 c6 12. Qe1 a6 13. Qg3 b5 14. axb5 axb5 15.
d3 Qb8 16. Kh1 Ra7 17. Bh5 f6 18. e4 dxe4 19. dxe4 Bxe4 20. exf6 Bxf6 21. Bxf6
Qxg3 22. hxg3 Nxf6 23. Bf3 Rfa8 24. Bxe4 Nxe4 25. Rfe1 Ng5 0-1

[Event "Bad Woerishofen"]
[Site "?"]
[Date "2002.??.??"]
[Round "9"]
[White "Santl, Anton"]
[Black "Popp, Michael"]
[Result "0-1"]
[WhiteElo "2229"]
[BlackElo "1904"]
[Annotator "ChessOrg"]
[PlyCount "88"]
[EventDate "2002.??.??"]

1. Nf3 c5 2. c4 Nc6 3. Nc3 Nf6 4. g3 e6 5. Bg2 a6 6. O-O Be7 7. d4 cxd4 8. Nxd4
Qc7 9. Bf4 e5 10. Nxc6 dxc6 11. Bg5 Bf5 12. Bxf6 Bxf6 13. Ne4 Be7 14. Qc2 Be6
15. b4 b6 16. b5 f5 17. Nc3 e4 18. Nxe4 fxe4 19. Qxe4 Kf7 20. bxc6 Rad8 21.
Rfd1 g6 22. Qc2 Qe5 23. Bd5 Bc5 24. Rab1 Ke7 25. Bxe6 Qxe6 26. Qc3 Qf6 27.
Qxf6+ Kxf6 28. c7 Rxd1+ 29. Rxd1 Ke7 30. Rd5 Rc8 31. h4 Rxc7 32. h5 Rd7 33.
hxg6 hxg6 34. Kf1 Rxd5 35. cxd5 Kd6 36. e4 Ke5 37. f3 Kd4 38. Ke2 Bd6 39. Kf2
Kd3 40. e5 Bxe5 41. f4 Bd6 42. Kf3 Be7 43. Kg4 Ke4 44. d6 Bd8 0-1

[Event "Bad Woerishofen"]
[Site "?"]
[Date "2002.??.??"]
[Round "9"]
[White "Kengis, Edvins"]
[Black "Nevednichy, Vladislav"]
[Result "1-0"]
[WhiteElo "2571"]
[BlackElo "2569"]
[Annotator "ChessOrg"]
[PlyCount "83"]
[EventDate "2002.??.??"]

1. Nf3 c5 2. c4 g6 3. d4 Bg7 4. e4 Qa5+ 5. Bd2 Qb6 6. Bc3 Nc6 7. dxc5 Bxc3+ 8.
Nxc3 Qxb2 9. Nd5 Rb8 10. Bd3 e6 11. Nc7+ Kd8 12. Nb5 Qb4+ 13. Qd2 Qxc5 14. O-O
Ke7 15. Rfe1 d6 16. Rad1 a6 17. Nc3 f6 18. Bc2 e5 19. Na4 Qb4 20. Qd3 Bg4 21.
a3 Qa5 22. Qxd6+ Kf7 23. Rd5 Qd8 24. Qc5 Qc7 25. Nb6 Nge7 26. h3 Be6 27. Red1
Rbd8 28. Ba4 g5 29. Rb1 h5 30. Ne1 Qb8 31. Rxd8 Rxd8 32. Nd5 Bxd5 33. cxd5 Nd4
34. Bd1 g4 35. hxg4 hxg4 36. Bxg4 b5 37. Nc2 Nxc2 38. Qxc2 Qd6 39. Be6+ Kg7 40.
Rb3 Rh8 41. Rg3+ Kf8 42. Qc3 1-0